[Event "KEN-ch"]
[Site "Nairobi"]
[Date "2024.02.11"]
[Round "4"]
[White "Omolo, Keneth"]
[Black "Mutuge, Ian"]
[Result "0-1"]
[WhiteElo "2088"]
[BlackElo "1777"]
[PlyCount "62"]
[EventDate "2024.02.09"]
[EventType "tourn"]
[EventRounds "11"]
[EventCountry "KEN"]
[SourceTitle "CB08_2024"]
[SourceDate "2024.02.21"]
[SourceVersion "1"]
[SourceVersionDate "2024.02.21"]
[SourceQuality "1"]

1. e4 c5 2. Nf3 d6 3. d4 cxd4 4. Nxd4 Nf6 5. Nc3 a6 6. Bg5 e6 7. f4 Be7 8. Qf3 Qc7 9. 0-0-0 Nc6 10. Kb1 0-0 11. Nb3 Re8 12. Bd3 b5 13. e5 dxe5 14. Bxf6 Bxf6 15. Be4 Bb7 16. Qh3 h6 17. Nc5 Na5 18. Bxb7 Nxb7 19. Nd7 Be7 20. Nxe5 Nc5 21. b4 Na4 22. Nxa4 bxa4 23. Rd7 Qb6 24. a3 Bxb4 25. axb4 Qxb4+ 26. Ka2 Rec8 27. Rb1 Rxc2+ 28. Ka1 Qc5 29. Rd3 Qf2 30. Rb7 Ra2+ 31. Kb1 Qc2# 0-1

[Event "Africa-ch U18"]
[Site "Windhoek"]
[Date "2019.12.17"]
[Round "4.6"]
[White "Mutuge, Ian"]
[Black "Mpala, Leeroy"]
[Result "0-1"]
[WhiteElo "1334"]
[BlackElo "1779"]
[PlyCount "90"]
[EventDate "2019.12.16"]
[EventType "swiss"]
[EventRounds "9"]
[EventCountry "NAM"]
[SourceTitle "EXT 2024"]
[Source "ChessBase"]
[SourceDate "2023.10.10"]
[SourceVersion "1"]
[SourceVersionDate "2023.10.10"]
[SourceQuality "1"]

1. e4 c5 2. Nf3 d6 3. Bb5+ Bd7 4. Bxd7+ Nxd7 5. d3 g6 6. 0-0 Bg7 7. Nc3 Ngf6 8. Bg5 0-0 9. Qd2 Re8 10. Ne2 Qb6 11. c3 c4 12. Ng3 cxd3 13. Rab1 Nc5 14. Be3 Nfxe4 15. Nxe4 Nxe4 16. Qxd3 Nc5 17. Qc2 Qc7 18. h4 Ne6 19. Rfd1 b5 20. h5 b4 21. hxg6 hxg6 22. c4 a5 23. Nd4 Nxd4 24. Bxd4 e5 25. Be3 Red8 26. Rd5 Qc6 27. Rbd1 a4 28. c5 Bf8 29. Qd2 b3 30. a3 Rac8 31. Bg5 Rd7 32. Bf6 Bg7 33. Bxg7 Kxg7 34. cxd6 Qc2 35. Rxe5 Qxd2 36. Rxd2 Rc6 37. Red5 Kf6 38. Kf1 Ke6 39. Ke2 Rcxd6 40. Rxd6+ Rxd6 41. Rxd6+ Kxd6 42. Kd2 Ke5 43. Kc3 Ke4 44. Kb4 Kd3 45. Kxa4 Kc2 0-1